000 00286nam a22001217a 4500
003 OSt
008 241014b |||||||| |||| 00| 0 eng d
082 _a633.61
_bS92A
100 _aSugarcane Breeding Instt Coimbatore
245 _aAnnual report -1978
300 _a137
942 _2ddc
_cPER
999 _c46383
_d46383